Statistics for A series Of unfortunate Events Netflix cast seasons 1-2

Click here to take the quiz!

General Stats

  • This quiz has been taken 21 times
  • The average score is 11 of 55

Answer Stats

ActorCharacter% Correct
Neil Patrick HarrisCount Olaf
100%
Tara StrongSunny
78%
Louis HynesKlaus Baudelaire
78%
malina WeissmanViolet Baudelaire
72%
Patrick WarburtonLemony Snicket
61%
Presley SmithSunny Baudelaire
44%
K. Todd FreemanMr Poe
44%
Lucy PunchEsme Squalor
39%
Aasif mandviUncle Monty
33%
Alfre WoodardAunt Josephine
33%
Tony HaleJerome Squalor
33%
Dylan KingwellDuncan Quagmire
33%
Avi LakeIsadora Quagmire
28%
Kitana TurnbullCarmelita Spats
28%
Usman AllyHook Handed Man
28%
Joan CusackJustice Strauss
22%
Rhys DarbyCharles
22%
Nathan FillionJacques Snicket
22%
John DeSantisBald Man
22%
Don JohnsonSir
22%
Roger BartVice Principal Nero
17%
Sara RueOlivia Caliban
17%
ithamar EnriquezHector
17%
Cleo KingEleanora Poe
17%
Chris GauthierPhil
17%
Luke CamilleriGustav
17%
Robbie Amellkevin
17%
Patrick BreenLarry Your Waiter
17%
Bonnie MorganColette
11%
David Alan GrierHal
11%
Malcolm StewartMr. Remora
11%
BJ HarrisonMrs. Bass
11%
Will ArnettFather
11%
Catherine O' HaraDr. Orwell
11%
Joyce RobbinsWhite faced woman 2
11%
Jacqueline RobbinsWhite faced woman 1
11%
Kaniel Jacob-CrossEdgar Poe
11%
Cobie SmuldersMother
11%
kerri KenneyBabs
6%
Barry SonnenfeldIke Anwhistle
6%
Kevin CahoonHugo
6%
Sara CanningJacquelyn
6%
Lossen ChambersMrs. Morrow
6%
David BurtkaMr. Willums
0%
Jack ForresterAlbert Poe
0%
Trent RedekopCesar
0%
Patrick KeatingTown Father
0%
John BobekBearded Man
0%
Loretta WalshNorma Rae
0%
Rob laBelleTaxi Driver
0%
Matty CardaropleHenchperson of Indeterminate Gender
0%
Carol MansellElder Jemma
0%
Timothy WebberJimmy
0%
Mindy SterlingElder Anabelle
0%
Ken JenkinsElder Sam
0%

Score Distribution

Percentile by Number Answered

Percent of People with Each Score

Your Score History

You have not taken this quiz